WATER SUPPLY ENGINEERING (Record no. 28544)

000 -LEADER
fixed length control field 00322nam a2200133Ia 4500
008 - FIXED-LENGTH DATA ELEMENTS--GENERAL INFORMATION
fixed length control field 200615s9999||||xx |||||||||||||| ||und||
020 ## - INTERNATIONAL STANDARD BOOK NUMBER
International Standard Book Number 8174091203
082 ## - DEWEY DECIMAL CLASSIFICATION NUMBER
Classification number 624
Item number WAT-G
100 ## - MAIN ENTRY--PERSONAL NAME
Personal name GARG,SANTOSH KUMAR
245 #0 - TITLE STATEMENT
Title WATER SUPPLY ENGINEERING
250 ## - EDITION STATEMENT
Edition statement 2ND
260 ## - PUBLICATION, DISTRIBUTION, ETC.
Place of publication, distribution, etc. Khanan Pub
Name of publisher, distributor, etc. KHANNA PUB
Date of publication, distribution, etc. 2017
942 ## - ADDED ENTRY ELEMENTS (KOHA)
Koha item type Book
Holdings
Withdrawn status Lost status Damaged status Not for loan Collection code Permanent Location Current Location Date acquired Total Checkouts Barcode Date last seen Date last checked out Price effective from Koha item type
        School of Engineering Central Library, MUIT, Lucknow Central Library, MUIT, Lucknow 2020-06-15 1 SOE04154 2025-05-05 2024-09-02 2020-06-15 Book

All Rights Reserved@MUIT

Powered by Koha